00376nam a2200145Ia 4500008004100000020001800041041000800059082001300067100003600080245004000116250000900156260003100165300002800196440000600224220530s9999 xx 000 0 und d a81-219-0034-4 aeng a950bGRO aGrover, B L, Mehta Alka,Yashpal aA New Look At Modern Indian History a1 st aNew Delhi bS Chand c2010 ai to xxii, 1 to 588bPB v7